000 00250nam a2200097Ia 4500
008 240331s9999 xx 000 0 und d
082 _bRUS
100 _aRussell, J
245 0 _aCommunal politics under the donoughmore constitution 1931-1947
942 _cL
999 _c2313
_d2313